| 000 | 01427cam a2200277 4500 | ||
|---|---|---|---|
| 001 | L185112604 | ||
| 008 | #DATE n2003 000 0 eng u | ||
| 020 | _a185112604X | ||
| 035 | _a(Sirsi) u121836 | ||
| 041 | _aeng | ||
| 050 |
_a725.54 _c18 |
||
| 110 |
_aUnited Kingdom _bOffice of the Deputy Prime Minister |
||
| 245 | _aPlanning and access for disabled people: a good practice guide | ||
| 260 |
_aLondon _bODPM _c2003 |
||
| 300 |
_a112p. _c30cm. |
||
| 350 | _a15 | ||
| 520 | _aA good practice guide which encourages local planning authorities and developers to consider access for disabled people, and stresses the importance of early consultation with disabled people, when formulating development plans and preparing planning applications. The guide explains the relevant legislation and policy frameworks, shows how local planning authorities can put in place appropriate planning policies and development control processes, and suggests ways in which these can be implemented and enforced effectively. View at www.planning.odpm.gov.uk. | ||
| 650 | _aBUILDING REGULATIONS 1991 APPROVED DOCUMENT M (1999 EDITION) | ||
| 650 | _aMANAGEMENT-BUSINESS MANAGEMENT-DISCRIMINATION-DISABILITY DISCRIMINATION-ACCESSIBILITY | ||
| 650 | _aDISABLED PEOPLE | ||
| 650 | _aLOCAL AUTHORITIES | ||
| 650 | _aPLANNING APPLICATIONS | ||
| 690 | _aPLANNING LAW AND PRACTICE | ||
| 710 |
_aDrivers Jonas _91941 |
||
| 942 | _n0 | ||
| 999 |
_c102755 _d102755 |
||